| 000 | 00841nam a22002175i 4500 | ||
|---|---|---|---|
| 001 | 156189 | ||
| 003 | ES-MaACL | ||
| 005 | 20250824053634.0 | ||
| 008 | 990504s1890 sp |||| | spa d | ||
| 040 |
_aCAM _bspa _cCAM |
||
| 100 | 1 |
_aJackson Veyán, José. _965824 |
|
| 245 | 1 | 3 |
_aEl verso y la prosa _b: juguete cómico en un acto en prosa y verso / _coriginal de José Jackson Veyán. |
| 260 |
_aMadrid : _bArregui y Aruej, _c1890. |
||
| 300 |
_a31 p. ; _c20 cm. |
||
| 490 | 1 | _aBiblioteca lírico-dramática y teatro cómico | |
| 500 | 1 | _a"Representado... el 20 de septiembre de 1890 en el Teatro Romea" | |
| 650 | 0 |
_aTeatro- _yS.XIX _9234197 |
|
| 830 | 0 | 0 |
_aBiblioteca lirico-dramática y teatro cómico _9188056 |
| 852 |
_aES-MaACL _jF-4092(12) _z-- Enc. hol. _q-- Falto de la cub. original |
||
| 999 |
_c156189 _d156189 |
||